| 000 | 00602nam a2200205Ia 4500 | ||
|---|---|---|---|
| 005 | 20250508165656.0 | ||
| 008 | 008 250505s9999 xx 000 0 eng d | ||
| 037 | _aTextual | ||
| 040 |
_aFEDL _beng _cFEDL |
||
| 041 |
_aeng _2eng |
||
| 084 |
_a530.092, HOF _qFEDL |
||
| 100 |
_aHoffmann Banesh _9781581 |
||
| 245 | 0 | _aAlbert einstein creator and rebel | |
| 260 |
_aNew York, USA _bNew American Library _c1986 |
||
| 300 | _axii,272p. | ||
| 365 |
_aINR _b246 |
||
| 546 | _aThe collection of biography and autobiography | ||
| 942 |
_cTEXL _h530.092, HOF |
||
| 999 |
_c1396678 _d1396678 |
||